| 000 -LEADER |
| fixed length control field |
nam a22 7a 4500 |
| 005 - DATE AND TIME OF LATEST TRANSACTION |
| control field |
20170417145854.0 |
| 008 - FIXED-LENGTH DATA ELEMENTS--GENERAL INFORMATION |
| fixed length control field |
170417b2008 -uk||||| |||| 00| 0 eng d |
| 020 ## - INTERNATIONAL STANDARD BOOK NUMBER |
| International Standard Book Number |
9789041127037 |
| 040 ## - CATALOGING SOURCE |
| Original cataloging agency |
AKMAL |
| 082 ## - DEWEY DECIMAL CLASSIFICATION NUMBER |
| Classification number |
336.2714094 HEN |
| 090 ## - LOCALLY ASSIGNED LC-TYPE CALL NUMBER (OCLC); LOCAL CALL NUMBER (RLIN) |
| Classification number (OCLC) (R) ; Classification number, CALL (RLIN) (NR) |
336.2714094 |
| Local cutter number (OCLC) ; Book number/undivided call number, CALL (RLIN) |
HEN |
| 100 1# - MAIN ENTRY--PERSONAL NAME |
| Personal name |
Henkow, Oskar. |
| 9 (RLIN) |
247 |
| 245 ## - TITLE STATEMENT |
| Title |
Financial activities in European VAT : |
| Remainder of title |
A theoretical and legal research of the European VAT system and the actual and preferred treatment of financial activities / |
| Statement of responsibility, etc. |
Oskar Henkow. |
| 260 ## - PUBLICATION, DISTRIBUTION, ETC. |
| Place of publication, distribution, etc. |
Alphen aan den Rijn : |
| -- |
Biggleswade : |
| Name of publisher, distributor, etc. |
Kluwer Law International ; |
| -- |
Turpin Distribution Services |
| Date of publication, distribution, etc. |
2008 |
| 300 ## - PHYSICAL DESCRIPTION |
| Extent |
xviii, 416 p. ; |
| Dimensions |
25cm |
| 490 ## - SERIES STATEMENT |
| Series statement |
Eucotax series on European taxation ; |
| Volume/sequential designation |
volume. 18 |
| 500 ## - GENERAL NOTE |
| General note |
The book is based on a legal dissertation for the degree of juris doctor at the Department of Business Law, School of Economics and Management, Lund University.--Pref. |
| 504 ## - BIBLIOGRAPHY, ETC. NOTE |
| Bibliography, etc. note |
Includes bibliographical references (p. [361-394) and index. |
| 650 0# - SUBJECT ADDED ENTRY--TOPICAL TERM |
| Topical term or geographic name entry element |
Value-added tax |
| Geographic subdivision |
European Union countries. |
| 9 (RLIN) |
248 |
| 650 0# - SUBJECT ADDED ENTRY--TOPICAL TERM |
| Topical term or geographic name entry element |
Tax exemption. |
| 9 (RLIN) |
249 |
| 650 0# - SUBJECT ADDED ENTRY--TOPICAL TERM |
| Topical term or geographic name entry element |
Financial services industry |
| General subdivision |
Taxation |
| Geographic subdivision |
European Union countries. |
| 9 (RLIN) |
250 |
| 710 2# - ADDED ENTRY--CORPORATE NAME |
| Corporate name or jurisdiction name as entry element |
Eucotax. |
| 9 (RLIN) |
251 |
| 942 ## - ADDED ENTRY ELEMENTS (KOHA) |
| Source of classification or shelving scheme |
|
| Koha item type |
Book |